Meiji zenki keizai no bunseki /
Saved in:
| Main Author: | |
|---|---|
| Format: | Book |
| Language: | Japanese |
| Published: |
Tōkyō :
Tōkyō Daigaku Shuppankai,
1956.
|
| Subjects: | |
| Tags: |
Add Tag
No Tags, Be the first to tag this record!
|
| LEADER | 00888nam a2200253ua 4500 | ||
|---|---|---|---|
| 001 | 007764353-4 | ||
| 005 | 20024617115958.0 | ||
| 008 | 890526s1956 ja 000 0 jpn d | ||
| 035 | 0 | |a ocm22822572 | |
| 035 | 0 | |a ocm22822572 |z ocm33640698 | |
| 040 | |a NjR |c NjR |d *YNH* |d CStRLIN | ||
| 043 | |a a-ja--- | ||
| 050 | |a HC462.7 |b .Y3 1956 | ||
| 100 | 1 | |6 880-01 |a Yamaguchi, Kazuo, |d 1907- | |
| 245 | 1 | 0 | |6 880-02 |a Meiji zenki keizai no bunseki / |c Yamaguchi Kazuo cho. |
| 260 | |6 880-03 |a Tōkyō : |b Tōkyō Daigaku Shuppankai, |c 1956. | ||
| 300 | |a 3, 4, 334 p. : |b tables (2 fold). ; |c 22 cm. | ||
| 504 | |a Includes bibliographies. | ||
| 651 | 0 | |a Japan |x Economic conditions |y 1867-1918. | |
| 880 | 1 | |6 100-01 |a 山口和雄, |d 1907- | |
| 880 | 1 | 0 | |6 245-02 |a 明治前期經濟の分析/ |c 山口和雄著.. |
| 880 | |6 260-03 |a 東京: |b 東京大学出版会, |c 1956. | ||
| 988 | |a 20021214 | ||
| 906 | |0 OCLC | ||


